基督教与古典文化: (Record no. 573)
[ view plain ]
| 000 -LEADER | |
|---|---|
| fixed length control field | 01640nam a2200289Ia 4500 |
| 003 - CONTROL NUMBER IDENTIFIER | |
| control field | OSt |
| 005 - DATE AND TIME OF LATEST TRANSACTION | |
| control field | 20241023161857.0 |
| 008 - FIXED-LENGTH DATA ELEMENTS--GENERAL INFORMATION | |
| fixed length control field | 200830s9999||||xx |||||||||||||| ||und|| |
| 020 ## - INTERNATIONAL STANDARD BOOK NUMBER | |
| International Standard Book Number | 7516107093 |
| 020 ## - INTERNATIONAL STANDARD BOOK NUMBER | |
| International Standard Book Number | 9787516107096 |
| 040 ## - CATALOGING SOURCE | |
| Transcribing agency | 0 |
| 041 ## - LANGUAGE CODE | |
| Language code of text/sound track or separate title | chi |
| Language code of original | eng |
| 050 ## - LIBRARY OF CONGRESS CALL NUMBER | |
| Classification number | BL245 |
| Item number | .P45122 2012 |
| 100 ## - MAIN ENTRY--PERSONAL NAME | |
| Personal name | Pelikan, Jaroslav |
| 245 #0 - TITLE STATEMENT | |
| Title | 基督教与古典文化: |
| Remainder of title | 基督教与希腊主义相遇中自然神学的转化 = the metamorphosis of natural theology in the Christian encounter with Hellenism / |
| Statement of responsibility, etc. | 耶罗斯拉夫. 帕利坎 (Jaroslav Pelikan) 著; 石敏敏译 |
| 246 ## - VARYING FORM OF TITLE | |
| Title proper/short title | 基督教與古典文化 : |
| Remainder of title | 基督教與希臘主義相遇中自然神學的轉化/ |
| 260 ## - PUBLICATION, DISTRIBUTION, ETC. | |
| Place of publication, distribution, etc. | 北京: |
| Name of publisher, distributor, etc. | 中国社会科学出版社, |
| Date of publication, distribution, etc. | 2012 |
| 300 ## - PHYSICAL DESCRIPTION | |
| Extent | 2, 2, 3, 4, 420 p. |
| Other physical details | ; |
| Dimensions | 23 cm. |
| 500 ## - GENERAL NOTE | |
| General note | Translation of: the metamorphosis of natural theology in the Christian encounter with Hellenism. |
| 505 ## - FORMATTED CONTENTS NOTE | |
| Formatted contents note | 基督教与古典文化是思想史上的一个永恒话题。基督教和希腊哲学的相遇在4世纪达到了顶峰。这种相遇最主要体现在巴西尔、纳西昂的格列高利、尼撒的格列高利和麦克琳娜这四位卡帕多西亚基督教思想家的著作中。作者考查了他们著作中基督教与希腊主义的碰撞与融合,阐明了他们如何从基督教启示的角度重塑了古典世界的思想传统。<br/><br/>相关图书 |
| 650 ## - SUBJECT ADDED ENTRY--TOPICAL TERM | |
| Topical term or geographic name entry element | Cappadocian Fathers. |
| 650 ## - SUBJECT ADDED ENTRY--TOPICAL TERM | |
| Topical term or geographic name entry element | Macrina, the Younger, Saint, approximately 330-379 or 380. |
| 650 ## - SUBJECT ADDED ENTRY--TOPICAL TERM | |
| Topical term or geographic name entry element | Natural theology History of doctrines Early church, ca.30-600. |
| 700 ## - ADDED ENTRY--PERSONAL NAME | |
| Personal name | 帕利坎 |
| 700 ## - ADDED ENTRY--PERSONAL NAME | |
| Personal name | 石敏敏 |
| 942 ## - ADDED ENTRY ELEMENTS (KOHA) | |
| Source of classification or shelving scheme | |
| Koha item type | Chinese Book |
| Withdrawn status | Lost status | Damaged status | Not for loan | Home library | Current library | Shelving location | Date acquired | Total Checkouts | Total Renewals | Full call number | Barcode | Date last seen | Date last checked out | Price effective from | Koha item type | Copy number |
|---|---|---|---|---|---|---|---|---|---|---|---|---|---|---|---|---|
| GETS Theological Seminary Library | GETS Theological Seminary Library | General Stacks | 07/12/2020 | 1 | 1 | BL245 .P45122 2012 | 00000526 | 10/30/2021 | 01/13/2021 | 07/12/2020 | Chinese Book | |||||
| GETS Theological Seminary Library | GETS Theological Seminary Library | General Stacks | 08/30/2020 | 1 | 2 | BL245 .P45122 2012 | 00011185 | 12/29/2022 | 01/19/2021 | 08/30/2020 | Chinese Book | c.2 |